Mohammedanism : an historical survey.

محفوظ في:

المؤلف الرئيسي: Gibb, H. A. R. Sir, 1895-1971.

التنسيق: كتاب

اللغة: English

منشور في: London ; New York : Oxford Univ. Press, 1954.

الطبعة: 2nd ed.

الموضوعات:

الوصول للمادة أونلاين: Login to view Source

الوسوم: إضافة وسم

لا توجد وسوم, كن أول من يضع وسما على هذه التسجيلة!

رقم الطلب: BP50 .G5 1954

LEADER 00894cam a2200253 i 4500
003 OSt
005 20231213093834.0
008 801031s1954 enk ob 001 0 eng
999 |c 55091  |d 55091 
040 |c ARCE Library 
050 4 |a BP50 .G5 1954 
100 1 |a Gibb, H. A. R.  |q (Hamilton Alexander Rosskeen),  |c Sir,  |d 1895-1971. 
245 1 0 |a Mohammedanism :  |b an historical survey. 
250 |a 2nd ed. 
260 |a London ;  |a New York :  |b Oxford Univ. Press,  |c 1954. 
300 |a 206 pages ;   |c 17 cm. 
504 |a Includes bibliographical references p. 192-200 and index. 
506 |a Requires logging in with Internet Archive account. 
650 0 |a Islam  |x History. 
655 0 |a Electronic books.  |2 local. 
740 0 |a Internet Archive Collection. 
856 4 0 |z Connect to full text on Internet Archive  |u https://archive.org/details/mohammedanismhis0000gibb 
901 |a reviewed 
942 |2 lcc  |c BK